Statistiques concernant Les films Dreamworks par personnages secondaires

Cliquez ici pour prendre le quiz!

Statistiques générales

  • Ce quiz a été pris 12 fois
  • Le résultat moyen est 8 sur 16

Statistiques - réponses

Réponse% Correct
Dragons
100%
Kung Fu Panda
100%
Le Chat Potté
100%
Les Croods
100%
Les Trolls
100%
Madagascar
100%
Fourmiz
83%
Baby Boss
75%
Nos voisins, les hommes
75%
Les Cinq légendes
71%
Shrek
67%
Wallace et Gromit : le mystère du lapin-garou
67%
Souris City
63%
Spirit, l'étalon des plaines
57%
Chicken run
50%
Le Prince d'Egypte
50%
Les Bad Guys
50%
Sinbad, La légende des sept mers
50%
En Route !
43%
Bee movie
33%
Gang de requins
25%
La Route d'Eldorado
25%
Monstres contre Aliens
25%
Capitaine Superslip
17%
Megamind
17%
Ruby, l'ado Kraken
17%
Abominable
0%
Joseph, le Roi des Rêves
0%
M. Peabody et Sherman : Les Voyages dans le temps
0%
Turbo
0%

Distribution des résultats

Percentile par nombre de réponses

% des personnes avec chaque résultat

Votre développement - résultats

Vous n’avez pas pris ce quiz